| 000 | 01094nac a22002411u 4500 | ||
|---|---|---|---|
| 008 | 090518t xxu||||| |||| 00| 0 eng d | ||
| 010 | _a 00036976 | ||
| 020 | _a0071255850(alk. paper) | ||
| 082 | 0 | 0 |
_a333.7 _bFIE |
| 100 |
_aField, Barry C. _94781 |
||
| 245 | 1 | 0 |
_aEnvironmental economics : _ban introduction / _cBarry C. Field, Martha K. Field |
| 250 |
_a4th ed. _bMcGraw- Hill international edition. |
||
| 260 |
_aBoston, Mass. : _bMcGraw-Hill, _cc2006. |
||
| 300 |
_axxi, 500 p. : _bill. ; _c23 cm. |
||
| 504 | _aIncludes bibliographical references and indexes. | ||
| 650 | 0 |
_aEnvironmental economics. _94782 |
|
| 650 | 0 |
_aEconomic development _xEnvironmental aspects. _94783 |
|
| 700 | 1 |
_aField, Martha K. _94784 |
|
| 856 | 4 | 2 |
_3Publisher description _uhttp://www.loc.gov/catdir/description/mh021/00036976.html |
| 856 | 4 | 2 |
_3Table of contents _uhttp://www.loc.gov/catdir/toc/mh021/00036976.html |
| 942 |
_cBB _k333.7FIE _2ddc |
||
| 999 |
_c11544 _d11544 |
||